Aktuálne otázky rozvoja ľudských zdrojov v podnikovej sfére

Ľudské zdroje ako významný ekonomický faktor ovplyvňujúci prosperitu podniku, či organizácie a výrazne zasahujúci do ekonomického rozvoja krajiny. Problematika rozvoja ľudských zdrojov vo vyspelých krajinách. Chápanie rozvoja ľudských zdrojov na Slovensku ako jednej z dimenzií rozvoja ľudského poten...

Ausführliche Beschreibung

Gespeichert in:
Bibliographische Detailangaben
1. Verfasser: Srnánková, Ľubomíra
Format: Buchkapitel
Sprache:Slowakisch
Schlagworte:
Tags: Tag hinzufügen
Keine Tags, Fügen Sie das erste Tag hinzu!

MARC

LEADER 00000naa a2200000 4500
001 r035199
005 20231002080600.5
041 0 |a slo 
044 |a SK 
245 1 0 |a Aktuálne otázky rozvoja ľudských zdrojov v podnikovej sfére  |c Ľubomíra Srnánková 
520 |a Ľudské zdroje ako významný ekonomický faktor ovplyvňujúci prosperitu podniku, či organizácie a výrazne zasahujúci do ekonomického rozvoja krajiny. Problematika rozvoja ľudských zdrojov vo vyspelých krajinách. Chápanie rozvoja ľudských zdrojov na Slovensku ako jednej z dimenzií rozvoja ľudského potenciálu. Výsledky prieskumu rozvoja ľudských zdrojov. organizačné a riadiace podmienky na rozvoj ľudských zdrojov v podnikoch (organizáciách). Podnikové vzdelávanie. 
610 2 0 |a zdroje ľudské 
610 2 0 |a potenciál ľudský 
610 2 0 |a rozvoj pracovníkov 
610 2 0 |a pojmy 
610 2 0 |a firmy 
610 2 0 |a podnik 
610 2 0 |a motivácia 
610 2 0 |a práca s ľuďmi 
610 2 0 |a vzdelávanie ďalšie 
610 2 0 |a zamestnanci 
610 2 0 |a manažment personálny 
610 2 0 |a krajiny vyspelé 
610 2 0 |a Slovensko 
100 1 |a Srnánková, Ľubomíra